[Event "Junior Online 4NCL Division 3"]
[Site "online"]
[Date "2021.02.04"]
[Round "2.88"]
[White "Lee, Damin"]
[Black "Tang, Brian"]
[Result "0-1"]
[WhiteElo "1149"]
[BlackElo "1464"]
[PlyCount "82"]
[EventDate "2021.02.04"]
[WhiteTeam "Surrey Kings 1"]
[BlackTeam "JHJ Shark Tank 2"]

1. e4 e5 2. Nf3 Nc6 3. Bc4 Nf6 4. d3 Be7 5. Ng5 O-O 6. O-O h6 7. Nf3 d6 8. h3
Be6 9. Bxe6 fxe6 10. Nc3 d5 11. exd5 exd5 12. d4 e4 13. Ne5 Bd6 14. Nxc6 bxc6
15. f3 c5 16. fxe4 cxd4 17. Qxd4 dxe4 18. Nxe4 Bh2+ 19. Kxh2 Qxd4 20. Nxf6+
Rxf6 21. Rxf6 Qxf6 22. c3 Qf1 23. Kg3 Rd8 24. Kh2 Rd1 25. a4 Rxc1 26. Rxc1 Qxc1
27. b4 Qb2 28. b5 Qxc3 29. b6 cxb6 30. g3 Qc2+ 31. Kh1 Qxa4 32. Kh2 Qc6 33. Kg1
b5 34. Kf2 b4 35. Ke2 b3 36. Kf2 Qc2+ 37. Kf3 b2 38. Ke3 b1=Q 39. Kf4 Qbd1 40.
Ke3 Qce2+ 41. Kf4 Qdf1# 0-1

[Event "Junior Online 4NCL Division 3"]
[Site "online"]
[Date "2021.02.04"]
[Round "2.91"]
[White "Pandit, Aaryan"]
[Black "Parizad, Anjal"]
[Result "0-1"]
[WhiteElo "1255"]
[BlackElo "915"]
[PlyCount "115"]
[EventDate "2021.02.04"]
[WhiteTeam "St John's College C"]
[BlackTeam "Leicestershire Juniors 4"]

1. e4 e5 2. Nf3 Nf6 3. Nxe5 Bc5 4. Nc3 O-O 5. Bc4 d6 6. Nf3 Ng4 7. O-O Nc6 8.
Nd5 Be6 9. c3 Nge5 10. d4 Nxf3+ 11. Qxf3 Bb6 12. Ne3 Bxc4 13. Nxc4 Ba5 14. b4
Bb6 15. Qg3 Qe7 16. Bh6 g6 17. Bxf8 Rxf8 18. Rae1 a6 19. d5 Ne5 20. Nxe5 dxe5
21. a3 c5 22. c4 cxb4 23. axb4 Qxb4 24. Rc1 Rc8 25. Qxe5 Rxc4 26. Rxc4 Qxc4 27.
Qe8+ Kg7 28. Qe5+ f6 29. Qe7+ Kh6 30. Qf8+ Kg5 31. Qa3 Qxe4 32. Qg3+ Kh6 33.
Qh3+ Kg7 34. Qd7+ Kh6 35. Qh3+ Kg7 36. d6 a5 37. Qd7+ Kh6 38. Qe7 Qd3 39. Qxf6
a4 40. d7 a3 41. Qf4+ Kg7 42. Qe5+ Kh6 43. Qf4+ Kg7 44. Qf3 Qxd7 45. Rd1 Qe7
46. Qc3+ Kh6 47. Qh3+ Kg7 48. g3 a2 49. Ra1 Bd4 50. Rxa2 b5 51. Rd2 Qe1+ 52.
Kg2 Qxd2 53. Qd7+ Kh6 54. Qh3+ Kg5 55. Qh4+ Kf5 56. Qh3+ Ke5 57. g4 Qxf2+ 58.
Kh1 0-1

[Event "Junior Online 4NCL Division 3"]
[Site "online"]
[Date "2021.02.04"]
[Round "2.92"]
[White "Abraham, Lexi"]
[Black "Bagga, Khushi"]
[Result "0-1"]
[WhiteElo "970"]
[BlackElo "1189"]
[PlyCount "88"]
[EventDate "2021.02.04"]
[WhiteTeam "Leicestershire Juniors 4"]
[BlackTeam "St John's College C"]

1. e4 e5 2. Nf3 Nc6 3. Nc3 Nf6 4. Bc4 Nxe4 5. Nxe4 d5 6. Bxd5 Qxd5 7. Nc3 Qd8
8. O-O Bg4 9. d3 Bd6 10. Bg5 f6 11. Be3 O-O 12. h3 Bh5 13. Nb5 f5 14. Bg5 Bxf3
15. Bxd8 Bxd1 16. Nxd6 cxd6 17. Rfxd1 Raxd8 18. Re1 Nd4 19. Rac1 Rc8 20. c3 Nc6
21. Re3 f4 22. Re4 f3 23. g3 d5 24. Re3 d4 25. cxd4 Nxd4 26. Kh2 Rxc1 27. Re4
Re8 28. Re3 Rc2 29. Re1 Rxf2+ 30. Kg1 Rxb2 31. Ra1 Ne2+ 32. Kf2 Nf4+ 33. Kxf3
Nxh3 34. Kg4 Nf2+ 35. Kf3 Nxd3 36. Ke3 Nb4 37. Ke4 Rxa2 38. Rc1 a5 39. Rc7 a4
40. Rxb7 Nc2 41. Rc7 Ne1 42. Rc1 Nc2 43. Rd1 a3 44. Rd5 Ra1 0-1

[Event "Junior Online 4NCL Division 3"]
[Site "online"]
[Date "2021.02.04"]
[Round "2.93"]
[White "Kulkarni, Arnav"]
[Black "Dahi, Varad Prakash"]
[Result "1-0"]
[WhiteElo "1033"]
[BlackElo "833"]
[PlyCount "67"]
[EventDate "2021.02.04"]
[WhiteTeam "St John's College C"]
[BlackTeam "Leicestershire Juniors 4"]

1. e4 e5 2. Nf3 Nc6 3. Bc4 h6 4. Nc3 Nf6 5. O-O d6 6. h3 Na5 7. Be2 Be7 8. d4
exd4 9. Qxd4 Nc6 10. Qd1 O-O 11. Bd3 d5 12. exd5 Nxd5 13. Bd2 Nxc3 14. Bxc3 Be6
15. Re1 Bb4 16. Bxb4 Nxb4 17. Bh7+ Kxh7 18. Qxd8 Raxd8 19. Rac1 Nxa2 20. Rcd1
Rxd1 21. Rxd1 Nb4 22. c3 Nc2 23. Rd2 Bd5 24. Rxd5 Na1 25. Rd7 Rc8 26. Ne5 f6
27. Nf3 Nb3 28. Nh4 Nc5 29. Re7 Nd3 30. b3 Nf4 31. Nf5 Ng6 32. Rxg7+ Kh8 33.
Rxg6 Rg8 34. Rxh6# 1-0

[Event "Junior Online 4NCL Division 3"]
[Site "online"]
[Date "2021.02.04"]
[Round "2.94"]
[White "Jackson, Will"]
[Black "Singh, Ayush"]
[Result "0-1"]
[WhiteElo "809"]
[BlackElo "967"]
[PlyCount "24"]
[EventDate "2021.02.04"]
[WhiteTeam "Leicestershire Juniors 4"]
[BlackTeam "St John's College C"]

1. e4 e5 2. Bb5 Nf6 3. d3 Bc5 4. Nh3 a6 5. Ba4 b5 6. Bb3 d6 7. Ng5 d5 8. exd5
Ng4 9. Ne4 Bf5 10. Nxc5 c6 11. dxc6 Qd4 12. c3 Qxf2# 0-1

[Event "Junior Online 4NCL Division 3"]
[Site "online"]
[Date "2021.02.04"]
[Round "2.95"]
[White "Parizad, Anjal"]
[Black "Pandit, Aaryan"]
[Result "0-1"]
[WhiteElo "915"]
[BlackElo "1255"]
[PlyCount "132"]
[EventDate "2021.02.04"]
[WhiteTeam "Leicestershire Juniors 4"]
[BlackTeam "St John's College C"]

1. e4 e5 2. Nf3 Nc6 3. Bc4 Nf6 4. Ng5 d5 5. exd5 Na5 6. d3 Bc5 7. O-O Nxc4 8.
dxc4 Bg4 9. Qd2 h6 10. Nf3 Bxf3 11. gxf3 g5 12. Nc3 a6 13. Na4 b6 14. b3 a5 15.
Qd3 Bd4 16. Rb1 g4 17. Bd2 g3 18. hxg3 h5 19. Bg5 Rg8 20. Bh4 Qd6 21. Qf5 Rg6
22. Rbd1 Ng8 23. Qxh5 Rh6 24. Qg4 Nf6 25. Qg5 Rg6 26. Qf5 Ng8 27. f4 Nh6 28.
Qh5 Ng8 29. f5 Rh6 30. Qg5 Ne7 31. c3 Bc5 32. Nxc5 bxc5 33. f4 exf4 34. gxf4
O-O-O 35. Rde1 Rg8 36. Qxg8+ Nxg8 37. Re8+ Kb7 38. Rxg8 Rxh4 39. Rg7 Qf6 40.
Rg5 Qh6 41. a3 Rh1+ 42. Kf2 Qh2+ 43. Rg2 Rxf1+ 44. Kxf1 Qxf4+ 45. Ke2 Qxf5 46.
Rf2 Qe6+ 47. Kd2 Qg6 48. b4 axb4 49. cxb4 Qg5+ 50. Kc3 Qg3+ 51. Kd2 Qxf2+ 52.
Kc3 cxb4+ 53. axb4 Qf3+ 54. Kb2 c6 55. b5 cxb5 56. cxb5 Qxd5 57. Kc3 Qe4 58. b6
f5 59. Kb3 f4 60. Kc3 f3 61. Kd2 f2 62. Kc3 f1=Q 63. Kb3 Qff3+ 64. Kb2 Qee2+
65. Kc1 Kxb6 66. Kb1 Qff1# 0-1

[Event "Junior Online 4NCL Division 3"]
[Site "online"]
[Date "2021.02.04"]
[Round "2.96"]
[White "Bagga, Khushi"]
[Black "Abraham, Lexi"]
[Result "1-0"]
[WhiteElo "1189"]
[BlackElo "970"]
[PlyCount "47"]
[EventDate "2021.02.04"]
[WhiteTeam "St John's College C"]
[BlackTeam "Leicestershire Juniors 4"]

1. e4 e5 2. Nf3 Nc6 3. Nc3 Nf6 4. d4 exd4 5. Nxd4 Nxd4 6. Qxd4 Be7 7. Bc4 O-O
8. O-O Bb4 9. Bg5 Be7 10. f4 b6 11. e5 Bc5 12. Qxc5 bxc5 13. exf6 gxf6 14. Bh4
Qe7 15. Rae1 Qd6 16. Nb5 Qc6 17. f5 Ba6 18. a4 Bb7 19. Rf2 Rae8 20. Ref1 Kh8
21. Nxa7 Qxa4 22. Rf4 Qxa7 23. Bxf6+ Kg8 24. Rg4# 1-0

[Event "Junior Online 4NCL Division 3"]
[Site "online"]
[Date "2021.02.04"]
[Round "2.97"]
[White "Dahi, Varad Prakash"]
[Black "Kulkarni, Arnav"]
[Result "0-1"]
[WhiteElo "833"]
[BlackElo "1033"]
[PlyCount "124"]
[EventDate "2021.02.04"]
[WhiteTeam "Leicestershire Juniors 4"]
[BlackTeam "St John's College C"]

1. e4 e5 2. Nf3 Nc6 3. Bb5 Nf6 4. Nc3 d5 5. exd5 Nxd5 6. Nxd5 Qxd5 7. Bxc6+
Qxc6 8. O-O Bd6 9. d3 O-O 10. Be3 Bg4 11. Qe2 Bxf3 12. Qxf3 Qxf3 13. gxf3 Rfe8
14. Kh1 f5 15. Rg1 f4 16. Bd2 Re6 17. c3 Rh6 18. d4 exd4 19. cxd4 Rg6 20. Rxg6
hxg6 21. Re1 c5 22. dxc5 Bxc5 23. Re4 Bxf2 24. Rxf4 Rd8 25. Bc3 Be3 26. Rg4
Rd1+ 27. Kg2 Rg1+ 28. Kh3 Rxg4 29. fxg4 Kf7 30. b4 b5 31. Kg3 g5 32. Kf3 Bf4
33. Kg2 g6 34. h3 Ke6 35. Kf3 Kd5 36. a3 Be5 37. Bxe5 Kxe5 38. Ke3 a6 39. Kd3
Kf4 40. Kc3 Kg3 41. Kb3 Kxh3 42. Kc3 Kxg4 43. Kd4 Kh3 44. Kc5 g4 45. Kb6 g3 46.
Kxa6 g2 47. Kb6 g1=Q+ 48. Kxb5 Qg5+ 49. Kc4 Qf4+ 50. Kb3 Qf7+ 51. Ka4 Qf4 52.
Kb3 Qe3+ 53. Ka4 Qa7+ 54. Kb3 Kg4 55. a4 Kf4 56. a5 Ke4 57. Ka4 Kd5 58. b5 Qd4+
59. Ka3 Qd3+ 60. Ka4 Kc4 61. a6 Qb3+ 62. Ka5 Qxb5# 0-1

[Event "Junior Online 4NCL Division 3"]
[Site "online"]
[Date "2021.02.04"]
[Round "2.101"]
[White "Patel, Ishaan"]
[Black "Oh, Julie"]
[Result "1-0"]
[WhiteElo "1467"]
[BlackElo "1442"]
[PlyCount "109"]
[EventDate "2021.02.04"]
[WhiteTeam "The Hall 1"]
[BlackTeam "JHJ Shark Tank 4"]

1. e4 c5 2. Nf3 e6 3. Nc3 a6 4. a3 Nc6 5. Bc4 b5 6. Ba2 Qc7 7. d4 cxd4 8. Nxd4
Nf6 9. Nxc6 Qxc6 10. Qe2 Bb7 11. f3 Be7 12. O-O O-O 13. e5 Nd5 14. Nxd5 exd5
15. c3 a5 16. Qf2 Bc5 17. Be3 Bxe3 18. Qxe3 Rfe8 19. Rae1 d6 20. f4 f6 21. e6
d4 22. Qg3 dxc3 23. bxc3 b4 24. cxb4 axb4 25. e7+ Kh8 26. Re3 Rxa3 27. Rxa3
bxa3 28. Re1 Qc5+ 29. Kh1 Qc2 30. Bf7 Bc6 31. Bxe8 Bxe8 32. Qxa3 Qf2 33. Qg3
Qd2 34. Qe3 Qa2 35. Qe6 Qd2 36. Rg1 Qxf4 37. Qc8 Qa4 38. h3 h6 39. Qe6 Qd7 40.
Qxd7 Bxd7 41. Re1 Kg8 42. e8=Q+ Bxe8 43. Rxe8+ Kf7 44. Rd8 Ke6 45. Kg1 d5 46.
Kf2 Ke5 47. Ke3 f5 48. Rg8 d4+ 49. Kd3 g5 50. Rh8 f4 51. Rxh6 Kd5 52. Rh5 Ke5
53. Rxg5+ Kf6 54. Rg4 Kf5 55. Kxd4 1-0

[Event "Junior Online 4NCL Division 3"]
[Site "online"]
[Date "2021.02.04"]
[Round "2.102"]
[White "Groot Wassink, Emma"]
[Black "Smolders, Thomas"]
[Result "1-0"]
[WhiteElo "1428"]
[BlackElo "1330"]
[PlyCount "39"]
[EventDate "2021.02.04"]
[WhiteTeam "JHJ Shark Tank 4"]
[BlackTeam "The Hall 1"]

1. e4 e5 2. Nf3 Nc6 3. Bc4 Nf6 4. d4 exd4 5. O-O Bc5 6. e5 Ng8 7. Re1 Nge7 8.
c3 dxc3 9. Nxc3 O-O 10. Qc2 Ng6 11. Qe4 Re8 12. Bf4 d6 13. Rad1 Qe7 14. Nd5 Qd8
15. Nc3 h6 16. Qxg6 Na5 17. Bxf7+ Kf8 18. Bxe8 Qxe8 19. Qxe8+ Kxe8 20. exd6+
1-0

[Event "Junior Online 4NCL Division 3"]
[Site "online"]
[Date "2021.02.04"]
[Round "2.103"]
[White "Moser, Benjamin"]
[Black "Hatem, Mika"]
[Result "1/2-1/2"]
[WhiteElo "1370"]
[BlackElo "1369"]
[PlyCount "73"]
[EventDate "2021.02.04"]
[WhiteTeam "The Hall 1"]
[BlackTeam "JHJ Shark Tank 4"]

1. d4 Nf6 2. Nf3 d5 3. Bf4 e6 4. e3 c5 5. c3 Nc6 6. Nbd2 Bd6 7. Ne5 O-O 8. Bb5
Bxe5 9. Bxe5 Nxe5 10. dxe5 Nd7 11. Bxd7 Bxd7 12. O-O c4 13. f4 Bc6 14. Qg4 Qb6
15. Qe2 Qxb2 16. Qf2 Qxc3 17. Nf3 Qa5 18. Qh4 Qc5 19. Nd4 Rfe8 20. Rf3 Qe7 21.
Qg4 Bd7 22. Rg3 Qf8 23. Nf3 g6 24. Qh4 Qg7 25. Ng5 h5 26. Nf3 c3 27. Rc1 Rac8
28. Nd4 Bc6 29. Rxc3 Ba4 30. Rxc8 Rxc8 31. h3 Rc1+ 32. Kh2 Ra1 33. Qd8+ Qf8 34.
Qa5 Rxa2 35. Qxa7 b5 36. Qa5 Qe8 37. Qb4 1/2-1/2

[Event "Junior Online 4NCL Division 3"]
[Site "online"]
[Date "2021.02.04"]
[Round "2.104"]
[White "Burrill, Edoardo"]
[Black "Jhamna, Florian"]
[Result "1-0"]
[WhiteElo "1383"]
[BlackElo "1369"]
[PlyCount "71"]
[EventDate "2021.02.04"]
[WhiteTeam "JHJ Shark Tank 4"]
[BlackTeam "The Hall 1"]

1. e4 e6 2. d4 d5 3. exd5 exd5 4. Nf3 Nc6 5. Bd3 Bg4 6. O-O Nxd4 7. Nbd2 Nxf3+
8. Nxf3 Nf6 9. Bg5 Be7 10. Re1 O-O 11. Qe2 Re8 12. h3 Bh5 13. g4 Bg6 14. Qd2
Bxd3 15. Qxd3 h6 16. Bh4 c5 17. Bxf6 Bxf6 18. Rxe8+ Qxe8 19. Qxd5 Bxb2 20. Rb1
Ba3 21. Rxb7 Rd8 22. Qb3 Rd1+ 23. Kg2 Bb4 24. c3 Ba5 25. Qxd1 Qc8 26. Qb1 Bc7
27. Nh4 Qd8 28. Nf5 g6 29. Ne3 Kg7 30. c4 Bf4 31. Qb2+ Kg8 32. Nd5 Bd6 33. Nf6+
Kf8 34. Rd7 Qa8+ 35. Kf1 Bf4 36. Qb7 1-0

[Event "Junior Online 4NCL Division 3"]
[Site "online"]
[Date "2021.02.04"]
[Round "2.105"]
[White "Oh, Julie"]
[Black "Patel, Ishaan"]
[Result "1-0"]
[WhiteElo "1442"]
[BlackElo "1467"]
[PlyCount "123"]
[EventDate "2021.02.04"]
[WhiteTeam "JHJ Shark Tank 4"]
[BlackTeam "The Hall 1"]

1. e4 e5 2. Nf3 Nc6 3. Nc3 Nf6 4. Bb5 Bc5 5. Nxe5 Nxe5 6. d4 c6 7. Ba4 b5 8.
Bb3 Bd6 9. f4 Nxe4 10. Nxe4 Bc7 11. dxe5 O-O 12. O-O Bb6+ 13. Kh1 a5 14. a3 a4
15. Ba2 Ba6 16. Qe1 b4 17. Rf3 bxa3 18. bxa3 Qe7 19. Be3 Bxe3 20. Rxe3 Kh8 21.
Ng5 f6 22. exf6 Qxf6 23. Qh4 h6 24. Rae1 Rab8 25. Nf7+ Rxf7 26. Qxf6 Rxf6 27.
Re8+ Rxe8 28. Rxe8+ Kh7 29. g3 Rd6 30. Re1 Bb5 31. c4 Ba6 32. Bb1+ Kg8 33. c5
Rf6 34. Re8+ Rf8 35. Ba2+ Kh7 36. Rxf8 Kg6 37. Rd8 Bb5 38. Rxd7 Kf6 39. Kg2 g5
40. fxg5+ hxg5 41. h4 gxh4 42. gxh4 Kg6 43. Kg3 Kh5 44. Rh7+ Kg6 45. Rh8 Kg7
46. Rh5 Kg6 47. Kg4 Be2+ 48. Kf4 Bxh5 49. Be6 Be2 50. Bd7 Bb5 51. Ke5 Kf7 52.
Kd6 Be2 53. Kxc6 Ke7 54. Kc7 Bc4 55. Bxa4 Ke6 56. h5 Bd3 57. h6 Kd5 58. c6 Kc5
59. Kd8 Kb6 60. c7 Bf5 61. c8=Q Bxc8 62. Kxc8 1-0

[Event "Junior Online 4NCL Division 3"]
[Site "online"]
[Date "2021.02.04"]
[Round "2.106"]
[White "Smolders, Thomas"]
[Black "Groot Wassink, Emma"]
[Result "1-0"]
[WhiteElo "1330"]
[BlackElo "1428"]
[PlyCount "45"]
[EventDate "2021.02.04"]
[WhiteTeam "The Hall 1"]
[BlackTeam "JHJ Shark Tank 4"]

1. e4 e5 2. Nf3 Nc6 3. d4 exd4 4. Nxd4 Bc5 5. Be3 Qf6 6. Nb5 Bxe3 7. fxe3 Qxb2
8. N1c3 Qb4 9. Nxc7+ Kd8 10. N7d5 Qa5 11. Qg4 g6 12. Qf3 Ne5 13. Qf4 d6 14. Bb5
Be6 15. O-O a6 16. Bd3 Qc5 17. Rab1 b5 18. a4 Nxd3 19. cxd3 Rb8 20. axb5 axb5
21. Na4 Qa7 22. Qxd6+ Ke8 23. Nc7+ 1-0

[Event "Junior Online 4NCL Division 3"]
[Site "online"]
[Date "2021.02.04"]
[Round "2.107"]
[White "Hatem, Mika"]
[Black "Moser, Benjamin"]
[Result "1-0"]
[WhiteElo "1369"]
[BlackElo "1370"]
[PlyCount "69"]
[EventDate "2021.02.04"]
[WhiteTeam "JHJ Shark Tank 4"]
[BlackTeam "The Hall 1"]

1. e4 e5 2. Nf3 Nc6 3. d4 exd4 4. Nxd4 Bc5 5. Be3 Qf6 6. Nb5 Bxe3 7. fxe3 Kd8
8. Bd3 d6 9. Qe2 Qxb2 10. O-O Qxa1 11. Qh5 Ne5 12. N1c3 Qb2 13. Rb1 Qxb1+ 14.
Nxb1 Ke8 15. Nxc7+ Kd8 16. Nxa8 Nf6 17. Qd1 Re8 18. Nc3 Bd7 19. Nd5 Nxd5 20.
exd5 Ke7 21. Nc7 Rc8 22. Nb5 Bxb5 23. Bxb5 a6 24. Bd3 Rc5 25. Qh5 h6 26. Qh4+
f6 27. Qg3 g5 28. Qh3 Nf7 29. Bg6 Rxc2 30. Bxc2 Ne5 31. Qe6+ Kf8 32. Qxf6+ Kg8
33. Qe6+ Kh8 34. Qxd6 Nc4 35. Qf8# 1-0

[Event "Junior Online 4NCL Division 3"]
[Site "online"]
[Date "2021.02.04"]
[Round "2.108"]
[White "Jhamna, Florian"]
[Black "Burrill, Edoardo"]
[Result "0-1"]
[WhiteElo "1369"]
[BlackElo "1383"]
[PlyCount "80"]
[EventDate "2021.02.04"]
[WhiteTeam "The Hall 1"]
[BlackTeam "JHJ Shark Tank 4"]

1. e4 e5 2. Bc4 Nc6 3. d3 h6 4. Nc3 Bb4 5. Be3 Nd4 6. a3 Bxc3+ 7. bxc3 Nc6 8.
Rb1 Nf6 9. Nf3 d6 10. h3 b6 11. Bb5 Bd7 12. O-O O-O 13. Nh4 Nxe4 14. dxe4 Qxh4
15. f3 Qg3 16. Bf2 Qg6 17. Bxc6 Bxc6 18. Qe1 a6 19. Bh4 Bd7 20. Rf2 Bxh3 21. g4
h5 22. Rh2 hxg4 23. Qg3 Qh5 24. Kf2 g5 25. Rbh1 gxh4 26. Qg1 g3+ 27. Ke2 Be6
28. Rxh4 Bc4+ 29. Ke1 Qxf3 30. Rh8+ Kg7 31. R8h7+ Kf6 32. R1h6+ Ke7 33. Rh2
gxh2 34. Qxh2 Rh8 35. Qh4+ Kd7 36. Qh3+ Qxh3 37. Rxh3 Rxh3 38. a4 Rg8 39. a5
Rg2 40. Kd1 Rh1# 0-1

[Event "Junior Online 4NCL Division 3"]
[Site "online"]
[Date "2021.02.04"]
[Round "2.111"]
[White "Ryu, Siyoung"]
[Black "Taylor, Tamuka"]
[Result "1-0"]
[WhiteElo "790"]
[BlackElo "622"]
[PlyCount "87"]
[EventDate "2021.02.04"]
[WhiteTeam "Leicestershire Juniors 5"]
[BlackTeam "Watford Juniors E"]

1. e4 e5 2. Nf3 Nc6 3. Nc3 Nf6 4. Bb5 a6 5. Bxc6 dxc6 6. Nxe5 Bb4 7. a3 Bxc3 8.
bxc3 O-O 9. Qf3 Bg4 10. Qg3 Qe7 11. Nxg4 Nxg4 12. Qxg4 h6 13. d4 Qe6 14. Qf3
Qf6 15. e5 Qxf3 16. gxf3 b6 17. f4 a5 18. Rb1 c5 19. dxc5 bxc5 20. Rb7 a4 21.
Rxc7 Rac8 22. Rxc8 Rxc8 23. O-O Rf8 24. Rd1 c4 25. Rd4 Rc8 26. f5 f6 27. exf6
gxf6 28. Rd6 Rf8 29. Rd7 Re8 30. Bxh6 Re2 31. Rd4 Rxc2 32. Rxc4 Rc1+ 33. Kg2
Rc2 34. Rc8+ Kh7 35. Bf8 Kg8 36. Be7+ Kf7 37. Bd6 Kg7 38. h4 Kf7 39. h5 Kg7 40.
Bf4 Kf7 41. h6 Ke7 42. h7 Kd7 43. Rc7+ Kd8 44. h8=Q# 1-0

[Event "Junior Online 4NCL Division 3"]
[Site "online"]
[Date "2021.02.04"]
[Round "2.112"]
[White "Manoj Kumar, Arth"]
[Black "Gadhia, Sai"]
[Result "1-0"]
[WhiteElo "672"]
[BlackElo "674"]
[PlyCount "85"]
[EventDate "2021.02.04"]
[WhiteTeam "Watford Juniors E"]
[BlackTeam "Leicestershire Juniors 5"]

1. e4 e5 2. Nf3 Nf6 3. Nxe5 Nxe4 4. Qe2 d6 5. Nf3 d5 6. Nc3 Bc5 7. Qd3 Nxf2 8.
Qe2+ Qe7 9. Qxe7+ Kxe7 10. Rg1 Bg4 11. Nxd5+ Ke6 12. Nxc7+ Kd7 13. Nxa8 Nc6 14.
Be2 Rxa8 15. Ne5+ Kd6 16. Nxf7+ Ke6 17. Ng5+ Kf5 18. Bxg4+ Kxg5 19. h3 Re8+ 20.
Kf1 Nd4 21. d3+ Kh4 22. Kxf2 Nxc2+ 23. Be3 Nxa1 24. Bxc5 Rc8 25. g3+ Kg5 26.
Be7+ Kg6 27. Bxc8 Nb3 28. axb3 Kf7 29. Re1 Ke8 30. Bh4+ Kf7 31. Re7+ Kg6 32.
Re5 b6 33. d4 h5 34. d5 Kf7 35. d6 Kf8 36. d7 Kf7 37. d8=Q Kg6 38. Rb5 a5 39.
Qg5+ Kf7 40. Rxb6 g6 41. Qe7+ Kg8 42. Rb8 Kh8 43. Bg4# 1-0

[Event "Junior Online 4NCL Division 3"]
[Site "online"]
[Date "2021.02.04"]
[Round "2.113"]
[White "Mehta, Zara"]
[Black "Balakrishnan, Akshata"]
[Result "1-0"]
[WhiteElo "619"]
[BlackElo "631"]
[PlyCount "69"]
[EventDate "2021.02.04"]
[WhiteTeam "Leicestershire Juniors 5"]
[BlackTeam "Watford Juniors E"]

1. d4 d5 2. Bf4 Nc6 3. e3 e6 4. Nf3 Bb4+ 5. c3 Bd6 6. Bxd6 cxd6 7. Nbd2 Nf6 8.
Bb5 O-O 9. O-O e5 10. Nb3 exd4 11. Nfxd4 Ne4 12. Bxc6 Nf6 13. h3 Bg4 14. hxg4
bxc6 15. Nxc6 Qc8 16. Ne7+ Kh8 17. Nxc8 Raxc8 18. g5 Ne4 19. f3 Ng3 20. Qxd5
Ne2+ 21. Kf2 Nf4 22. exf4 a5 23. Nxa5 Rc7 24. Qxd6 Rfc8 25. Rfe1 f6 26. gxf6
gxf6 27. Qxf6+ Rg7 28. Qa6 Kg8 29. Qxc8+ Kf7 30. Qc4+ Kf6 31. Re6+ Kf7 32. Nc6
Kf8 33. Rd1 h5 34. Rd8+ Kf7 35. Ne5# 1-0

[Event "Junior Online 4NCL Division 3"]
[Site "online"]
[Date "2021.02.04"]
[Round "2.114"]
[White "Naren, Riya"]
[Black "Morris, Conor"]
[Result "0-1"]
[WhiteElo "646"]
[BlackElo "598"]
[PlyCount "82"]
[EventDate "2021.02.04"]
[WhiteTeam "Watford Juniors E"]
[BlackTeam "Leicestershire Juniors 5"]

1. e4 e5 2. c3 Qh4 3. Be2 Bc5 4. g3 Qxe4 5. f3 Qf5 6. d4 exd4 7. cxd4 Bb4+ 8.
Bd2 Bxd2+ 9. Qxd2 Nc6 10. Qd1 Nb4 11. g4 Nc2+ 12. Kd2 Qg6 13. h3 Nxa1 14. b4
Qb6 15. d5 Qxb4+ 16. Kc1 Qc5+ 17. Kd2 Qb4+ 18. Kc1 d6 19. f4 Qxf4+ 20. Qd2 Qf2
21. a3 Qg2 22. Qe1 Qxh1 23. h4 Nf6 24. Bf1+ Be6 25. Kd1 Qxd5+ 26. Qd2 Qf3+ 27.
Be2 Qb3+ 28. Ke1 Qxb1+ 29. Qd1 Qa2 30. a4 O-O 31. g5 Bb3 32. Qc1 Nc2+ 33. Kd1
Ne3+ 34. Ke1 Bxa4 35. Bd1 Rfe8 36. Nf3 Re4 37. Ng1 Rc4 38. Qxe3 Bxd1 39. gxf6
gxf6 40. Kxd1 Rb4 41. Qe1 Rb1# 0-1

[Event "Junior Online 4NCL Division 3"]
[Site "online"]
[Date "2021.02.04"]
[Round "2.115"]
[White "Taylor, Tamuka"]
[Black "Ryu, Siyoung"]
[Result "0-1"]
[WhiteElo "622"]
[BlackElo "790"]
[PlyCount "114"]
[EventDate "2021.02.04"]
[WhiteTeam "Watford Juniors E"]
[BlackTeam "Leicestershire Juniors 5"]

1. e4 e5 2. Nf3 Nc6 3. Bb5 a6 4. Bxc6 dxc6 5. O-O Nf6 6. Nc3 Bg4 7. d3 Bxf3 8.
Qxf3 Qd4 9. Bg5 h6 10. Bxf6 gxf6 11. Qxf6 Rg8 12. Qf5 Qd6 13. Qh7 Qg6 14. Qxg6
Rxg6 15. Ne2 O-O-O 16. c3 Rxd3 17. Rfd1 Rxd1+ 18. Rxd1 c5 19. b3 c4 20. b4 a5
21. Nc1 axb4 22. cxb4 Bxb4 23. Ne2 Ra6 24. h3 Rxa2 25. Ng3 Bc5 26. Nh1 Rxf2 27.
Nxf2 b5 28. Kf1 b4 29. Rd5 Bb6 30. Rxe5 b3 31. Re8+ Kd7 32. Re5 b2 33. Rb5 c3
34. e5 c2 35. Nd3 b1=Q+ 36. Rxb1 cxb1=Q+ 37. Ne1 Qf5+ 38. Nf3 Qd3+ 39. Ke1 Ba5+
40. Kf2 Bb6+ 41. Kg3 c5 42. Kf4 c4 43. Kg4 c3 44. Kh5 c2 45. Kxh6 c1=Q+ 46. Ng5
Qcd1 47. Nxf7 Qe3+ 48. Ng5 Qxe5 49. Nf7 Qe7 50. Nh8 Qd2+ 51. Kg6 Qeg5+ 52. Kf7
Qh5+ 53. Ng6 Qa2+ 54. Kf6 Qb2+ 55. Ne5+ Qhxe5+ 56. Kg6 Qf6+ 57. Kh7 Qg7# 0-1

[Event "Junior Online 4NCL Division 3"]
[Site "online"]
[Date "2021.02.04"]
[Round "2.116"]
[White "Gadhia, Sai"]
[Black "Manoj Kumar, Arth"]
[Result "1/2-1/2"]
[WhiteElo "674"]
[BlackElo "672"]
[PlyCount "156"]
[EventDate "2021.02.04"]
[WhiteTeam "Leicestershire Juniors 5"]
[BlackTeam "Watford Juniors E"]

1. e4 c5 2. Nf3 d6 3. Nc3 Nc6 4. Bb5 Bd7 5. Nd5 Nd4 6. Nxd4 cxd4 7. Bxd7+ Qxd7
8. Qh5 e6 9. Nf4 e5 10. Nd5 Nf6 11. Qe2 Nxd5 12. exd5 O-O-O 13. O-O g6 14. Qc4+
Qc7 15. Qd3 Bh6 16. Re1 Rhe8 17. Qb3 e4 18. f3 e3 19. dxe3 dxe3 20. Re2 a5 21.
Qa4 b6 22. g4 b5 23. Qxb5 Re5 24. g5 Bxg5 25. f4 Bxf4 26. Qd3 Rh5 27. Qa6+ Qb7
28. Qxb7+ Kxb7 29. c4 Bxh2+ 30. Rxh2 Rxh2 31. Kxh2 e2 32. Bd2 Re8 33. Be1 f5
34. Kg2 f4 35. Kf2 a4 36. b3 axb3 37. axb3 Re3 38. Bd2 e1=Q+ 39. Bxe1 Rxe1 40.
Kxe1 g5 41. Kf2 g4 42. Kg2 f3+ 43. Kf2 h5 44. Rh1 Kb6 45. Rxh5 g3+ 46. Kxf3 Kc5
47. Rh3 Kb4 48. Rxg3 Kxb3 49. Rg6 Kb4 50. Rxd6 Kxc4 51. Ke3 Kc5 52. Rc6+ Kxd5
53. Rc3 Ke5 54. Rc5+ Kd6 55. Kd4 Ke6 56. Rc6+ Kf5 57. Rc5+ Ke6 58. Rc6+ Kf5 59.
Kd5 Kf4 60. Rc4+ Kf5 61. Re4 Kg5 62. Re5+ Kf6 63. Ke4 Kg6 64. Re6+ Kg5 65. Ke5
Kg4 66. Rg6+ Kf3 67. Kd4 Kf4 68. Rf6+ Kg4 69. Ke4 Kg5 70. Rf5+ Kg4 71. Rf4+ Kg5
72. Rf5+ Kg4 73. Ke5 Kg3 74. Rg5+ Kf3 75. Rf5+ Ke3 76. Rf4 Kd3 77. Rd4+ Ke3 78.
Kf5 Kxd4 1/2-1/2

[Event "Junior Online 4NCL Division 3"]
[Site "online"]
[Date "2021.02.04"]
[Round "2.117"]
[White "Balakrishnan, Akshata"]
[Black "Mehta, Zara"]
[Result "1-0"]
[WhiteElo "631"]
[BlackElo "619"]
[PlyCount "113"]
[EventDate "2021.02.04"]
[WhiteTeam "Watford Juniors E"]
[BlackTeam "Leicestershire Juniors 5"]

1. e4 e6 2. Nf3 d5 3. exd5 exd5 4. Qe2+ Be7 5. Nc3 Nf6 6. Qe3 Ng4 7. Bb5+ c6 8.
Qd4 a6 9. Bd3 Bf6 10. Qf4 Nh6 11. b4 Qe7+ 12. Be2 Bxc3 13. dxc3 Bf5 14. O-O
Qxe2 15. Re1 Qxe1+ 16. Nxe1 Bxc2 17. Nxc2 Nd7 18. Nd4 c5 19. bxc5 Nxc5 20. Qe3+
Kd8 21. Ba3 Nd7 22. Qe7+ Kc8 23. Ne6 Ng8 24. Nxg7 Nb6 25. Qe8+ Kc7 26. Qxf7+
Kc6 27. Ne6 Nc4 28. Qc7+ Kb5 29. Nd4+ Ka4 30. Qg7 Nxa3 31. Qxh8 Rf8 32. Qe5 Nh6
33. Qg7 Rf4 34. Qxh6 Rf7 35. Qe6 Rg7 36. Qh6 Rg4 37. h3 Re4 38. Qxh7 Re8 39. c4
Nxc4 40. g4 Nd2 41. g5 Re4 42. Nc2 d4 43. g6 Nf3+ 44. Kf1 Nd2+ 45. Kg2 Nc4 46.
g7 Re8 47. Qg6 Rg8 48. Qh7 Rxg7+ 49. Qxg7 Nd2 50. f4 Ne4 51. f5 Nd6 52. f6 d3
53. f7 dxc2 54. f8=Q Ka3 55. Qxd6+ Ka4 56. Qxb7 Ka5 57. Qdxa6# 1-0

[Event "Junior Online 4NCL Division 3"]
[Site "online"]
[Date "2021.02.04"]
[Round "2.118"]
[White "Morris, Conor"]
[Black "Naren, Riya"]
[Result "1-0"]
[WhiteElo "598"]
[BlackElo "646"]
[PlyCount "67"]
[EventDate "2021.02.04"]
[WhiteTeam "Leicestershire Juniors 5"]
[BlackTeam "Watford Juniors E"]

1. e4 e5 2. Qh5 g6 3. Qxe5+ Qe7 4. Qxh8 d6 5. Qxg8 Bd7 6. Qxh7 c6 7. Qh8 c5 8.
Qc3 Nc6 9. Bb5 a6 10. Bxc6 Bxc6 11. Na3 Bd7 12. Nc4 b5 13. Nb6 Rd8 14. Qa5 Be6
15. Qxa6 f5 16. exf5 gxf5 17. Qxb5+ Kf7 18. Nf3 Bg7 19. h4 d5 20. Ng5+ Kf8 21.
Nh7+ Kf7 22. Rh3 Bc8+ 23. Kd1 Bd7 24. Qa6 Ke8 25. Rf3 Kf7 26. Ng5+ Ke8 27. d3
Kf8 28. Bf4 d4 29. Bc7 Re8 30. g4 Bh8 31. gxf5 Bg7 32. f6 Bh8 33. fxe7+ Kxe7
34. Rf7# 1-0